| 000 | 02048nam a22003497a 4500 | ||
|---|---|---|---|
| 001 | 103521 | ||
| 003 | KnowledgeUnlatched | ||
| 005 | 20210303105135.0 | ||
| 006 | m o d | ||
| 007 | cr u|||||||||| | ||
| 008 | 210129p20182019xx o u00| u eng d | ||
| 037 | _5BiblioBoard | ||
| 245 | 0 | 0 |
_aReformation und die Ethik der Wirtschaft _cUdo Di Fabio. |
| 020 | _a9783161562570 | ||
| 029 | 1 | _ahttps://library.biblioboard.com/ext/api/media/0dbaff8a-e74a-44d9-b14a-eb6a77014e12/assets/thumbnail.jpg | |
| 040 |
_aScCtBLL _cScCtBLL |
||
| 506 | 0 |
_aAccess copy available to the general public. _fUnrestricted _2star |
|
| 700 | 1 |
_aDi Fabio, Udo _eeditor. |
|
| 264 | 1 | _bMohr Siebeck, | |
| 300 | _a1 online resource (101 p.) | ||
| 520 | _aThe grand thesis that the spirit of Protestantism is one of modern capitalism's great driving forces originated from Max Weber. According to him, religious foundations of inner world asceticism, Luther's concept of vocation, Calvinism, and English Puritanism had a direct influence on the development of modern kinds of economy. The thesis was not undisputed and to this day remains a prominent starting point for discussions. What can be said now in the twenty-first century about the spirit of capitalism? Do ethics still hold any sway over global financial markets and systems of production? This volume's four authors seek answers to these and other related questions from different perspectives. | ||
| 588 | 0 | _aDescription based on print version record. | |
| 590 | _aKU Open Services | ||
| 650 | 7 |
_aBusiness & Economics _2bisacsh |
|
| 650 | 0 | _aEconomics | |
| 655 | 0 | _aElectronic books. | |
| 758 |
_iIs found in: _aKnowledge Unlatched _1https://openresearchlibrary.org/module/2774bc74-146a-484f-a7ba-ab1d6a09bbfb |
||
| 856 | 4 | 0 |
_uhttps://openresearchlibrary.org/content/0dbaff8a-e74a-44d9-b14a-eb6a77014e12 _zView this content on Open Research Library. _70 |
| 999 |
_c33743 _d33743 |
||